000 00468nam a2200169Ia 4500
999 _c25569
_d25569
003 OSt
005 20211117103217.0
008 190216s9999||||xx |||||||||||||| ||und||
040 _coclc
082 _a894.8123
_bVIJ/V
100 _aVijayan, O V
_91775
245 0 _aVijayande Kathakal /
_cO V Vijayan
260 _bD C Books,
_aKottayam:
_c1997.
300 _a226p
650 _aKathakal
942 _cBK
_2ddc
_h894.8123
_iVIJ/V
_k894.8123
_mVIJ/V